<?xml version="1.0" encoding="UTF-8"?>
<record
    xmlns:xsi="http://www.w3.org/2001/XMLSchema-instance"
    xsi:schemaLocation="http://www.loc.gov/MARC21/slim http://www.loc.gov/standards/marcxml/schema/MARC21slim.xsd"
    xmlns="http://www.loc.gov/MARC21/slim">

  <leader>00998nam a2200217 i 4500</leader>
  <controlfield tag="001">142803</controlfield>
  <controlfield tag="003">ES-MaACL</controlfield>
  <controlfield tag="005">20250927101138.0</controlfield>
  <controlfield tag="007">t|</controlfield>
  <controlfield tag="008">071010s1904    fr           |||| | fre d</controlfield>
  <datafield tag="080" ind1=" " ind2=" ">
    <subfield code="a">913(100)</subfield>
  </datafield>
  <datafield tag="100" ind1="1" ind2=" ">
    <subfield code="a">Vidal de La Blache, Paul.</subfield>
    <subfield code="9">114479</subfield>
  </datafield>
  <datafield tag="245" ind1="1" ind2="0">
    <subfield code="a">Cours de g&#xE9;ographie &#xE1;a l'usage del'enseignement secondaire / </subfield>
    <subfield code="c">Paul Vidal de La Blache, P. Camena d'Almeida.</subfield>
  </datafield>
  <datafield tag="260" ind1=" " ind2=" ">
    <subfield code="a">Paris : </subfield>
    <subfield code="b">[s.n.], </subfield>
    <subfield code="c">1904 (</subfield>
    <subfield code="e">Evreux : </subfield>
    <subfield code="f">Charles H&#xE9;rissey)</subfield>
  </datafield>
  <datafield tag="300" ind1=" " ind2=" ">
    <subfield code="a">5 v. ; </subfield>
    <subfield code="c">17 cm.</subfield>
  </datafield>
  <datafield tag="505" ind1="8" ind2=" ">
    <subfield code="a">Contiene: I. La terre: l'Amerique, l'Australasie / par P. Camena d'Almeida - II. L'Asie, l'Insulinde, l'Afrique / par P. Vidal de La Blanche [et] P. Camena d'Almeida - III. L'Europa / par P. Camena d'Almeida - IV. La France / par P. Camena d'Almeida - V. La terre: g&#xE9;ographie g&#xE9;n&#xE9;rale / par P. Camena d'Almeida</subfield>
  </datafield>
  <datafield tag="650" ind1=" " ind2="7">
    <subfield code="a">Geograf&#xED;a</subfield>
    <subfield code="2">embne</subfield>
    <subfield code="9">13070</subfield>
  </datafield>
  <datafield tag="700" ind1="1" ind2=" ">
    <subfield code="a">Camena d'Almeida, Pierre, </subfield>
    <subfield code="d">1865-1943</subfield>
    <subfield code="9">34052</subfield>
  </datafield>
  <datafield tag="852" ind1=" " ind2=" ">
    <subfield code="a">ES-MaACL</subfield>
    <subfield code="j">B-2709-13</subfield>
  </datafield>
  <datafield tag="999" ind1=" " ind2=" ">
    <subfield code="c">142803</subfield>
    <subfield code="d">142803</subfield>
  </datafield>
  <datafield tag="952" ind1=" " ind2=" ">
    <subfield code="0">0</subfield>
    <subfield code="1">0</subfield>
    <subfield code="4">0</subfield>
    <subfield code="7">0</subfield>
    <subfield code="a">ATENEOM</subfield>
    <subfield code="b">ATENEOM</subfield>
    <subfield code="c">SPB</subfield>
    <subfield code="d">2008-01-17</subfield>
    <subfield code="e">SC</subfield>
    <subfield code="l">0</subfield>
    <subfield code="o">B-2709-13</subfield>
    <subfield code="p">1148583</subfield>
    <subfield code="r">2023-02-23 00:00:00</subfield>
    <subfield code="w">2023-02-23</subfield>
    <subfield code="y">MONOGRAFIA</subfield>
  </datafield>
</record>
